000 00545nam a22001817a 4500
005 20251108173111.0
008 250721s2004 xx 000 0 ara d
082 1 4 _a616.08/شرب
100 1 _aالشربيني، لطفي
245 1 0 _aالإكتئاب : المرض و العلاج /
264 1 _aالاسكندرية :
_bمنشأة المعارف،
_c2004.
300 _a283ص.
650 1 7 _aالطب النفسي
650 1 7 _aالعلاج النفسي
650 1 7 _aالتحليل النفسي
942 _2ddc
_cBK
999 _c96051
_d96051